Les talents des Pokémon de la 2ème génération - Statistiques

Statistiques générales
  • Ce quiz a été pris 150 fois
  • Le résultat moyen est 123 sur 193
Statistiques - réponses
Pokémon Talent % Correct
Famille de Héricendre Brasier
94%
Famille de Germignon Engrais
92%
Airmure | Caratroc | Donphan | +3 others Fermeté
92%
Cerfrousse | Kapoera | Qwilfish | Snubbull Intimidation
92%
Ho-Oh | Lugia | Trio des félins légendaires Pression
92%
Famille de Limagma | Magby Corps Ardent
89%
Feuforêve | Zarbi Lévitation
89%
Famille de Wattouat | Pichu | Élekid Statik
89%
Famille de Héricendre | Famille de Malosse Torche
89%
Famille de Kaiminus Torrent
89%
Debugant | Embrylex | Scarhino | Ursaring Cran
86%
Démanta | Hyporoi | Qwilfish Glissade
83%
Famille de Mimigal | Hyporoi | Rémoraid Sniper
83%
Cizayox | Kapoera | Queulorior Technicien
83%
Démanta | Famille d'Axoloto | Famille de Loupio | Tarpaud Absorbe Eau
81%
Famille de Loupio Absorbe Volt
81%
Famille de Granivol | Famille de Tournegrin | Joliflor Chlorophylle
81%
Famille de Marill Coloforce
81%
Tarpaud Crachin
81%
Capumain | Famille de Fouinette | Insolourdo | Snubbull Fuite
81%
Qulbutoké Marque Ombre
75%
Yanma Turbo
75%
Famille de Marcacrin | Lippouti | Roigada Benêt
72%
Qwilfish Point Poison
72%
Simularbre | Steelix Tête de Roc
72%
Farfuret | Girafarig | Noctali | +2 others Attention
69%
Cizayox | Coxy | Famille de Mimigal | Scarhino Essaim
69%
Cerfrousse | Famille de Marill | Girafarig | Écrémeuh Herbivore
69%
Famille d'Axoloto Inconscient
69%
Mélo | Toudoudou Joli Sourire
69%
Coxyclaque Poing de Fer
69%
Famille de Limagma Armumagma
67%
Famille de Tournegrin | Méga-Démolosse Force Soleil
67%
Mélo Garde Magik
67%
Famille de Marcacrin | Famille de Marill | Écrémeuh Isograisse
67%
Capumain Multi-Coups
67%
Airmure | Famille de Fouinette | Famille de Hoothoot | Farfuret Regard Vif
67%
Corayon | Ho-Oh | Roigada Régé-Force
67%
Famille de Natu | Mentali Miroir Magik
64%
Famille de Togepi | Insolourdo | Leuphorie Sérénité
64%
Famille de Natu | Mentali | Noctali Synchro
64%
Famille de Malosse | Tyranocif | Ursaring Tension
64%
Corayon de Galar Corps Maudit
61%
Pichu Paratonnerre
61%
Capumain | Phanpy | Teddiursa Ramassage
61%
Tyranocif Sable Volant
61%
Cornèbre Farceur
58%
Famille de Germignon | Famille de Granivol Feuille Garde
58%
Cadoizo | Cornèbre | Famille de Hoothoot | Famille de Mimigal Insomnia
58%
Queulorior | Rémoraid Lunatique
58%
Lugia Multiécaille
58%
Famille de Kaiminus | Steelix Sans Limite
58%
Embrylex | Phanpy | Scorplane Voile Sable
58%
Cornèbre | Famille de Togepi Chanceux
56%
Scarhino Impudence
56%
Famille de Granivol | Nostenfer Infiltration
56%
Yanma Oeil Composé
56%
Coxy | Famille de Malosse | Famille de Natu | +2 others Matinal
53%
Queulorior | Roigada Tempo Perso
53%
Porygon2 Calque
50%
Cerfrousse | Famille de Fouinette | Yanma Fouille
50%
Famille de Hoothoot Lentiteintée
50%
Celebi | Corayon | Leuphorie Médic Nature
50%
Famille d'Axoloto | Hyporoi | Tarpaud Moiteur
50%
Écrémeuh Querelleur
50%
Porygon2 Télécharge
50%
Cadoizo | Corayon | Famille de Togepi | Rémoraid Agitation
47%
Teddiursa Cherche Miel
47%
Famille de Loupio Lumiattirance
47%
Granbull | Teddiursa Pied Véloce
47%
Porygon2 Analyste
44%
Toudoudou Battant
44%
Cadoizo | Debugant | Magby | Élekid Esprit Vital
44%
Scorplane Hyper Cutter
44%
Cizayox Light Metal
44%
Farfuret Pickpocket
44%
Scorplane Vaccin
44%
Mélo | Toudoudou Garde Ami
42%
Ymphect Mue
42%
Méga-Pharamp Brise Moule
39%
Caratroc Contestation
39%
Coxy | Insolourdo | Simularbre | Snubbull Phobique
39%
Famille de Marcacrin Rideau Neige
39%
Airmure | Corayon de Galar | Famille de Limagma Armurouillée
36%
Joliflor | Leuphorie Coeur Soin
36%
Lippouti Hydratation
36%
Qulbutoké Télépathe
36%
Roigada de Galar Breuvage Suspect
33%
Caratroc Gloutonnerie
33%
Debugant Impassible
33%
Famille de Wattouat Plus
33%
Octillery Ventouse
33%
Famille de Pomdepik Envelocape
31%
Démanta Ignifu-Voile
25%
Lippouti Prédiction
22%
Aucun quiz correspondant
Distribution des résultats
% des personnes avec chaque résultat
Percentile par nombre de réponses
Votre historique - résultats
Vous n’avez pas pris ce quiz